00892nam a2200241Ia 4500003000400000005001700004008004100021040001800062041000800080082002100088100003000109245007000139250001200209260005300221300001700274650004400291650005200335650006100387700002800448942003000476999001900506952012500525OSt20251215102812.0210716s1995 xx 000 0 und d cAIMIT LIBRARY aeng a006.37 21bHYMM aHyman, Michael I.9249072 aVisual C++ 2 for dummies /cBy Michael I Hyman and Robert Arnson. a1st ed. aNew Delhi :bComdex computer publishing ,c1995. axxiv,472p. ; aVisual C++ in ten easy chapters9249073 aEverything you wanted to know about c++9249074 aAnd now for something completely object oriented9249075 aArnson, Ribert.9249076 2ddccBKe1stk006.37 HYMM c182952d182952 001040708MCAaAIMITbAIMITd2021-07-16g150.00l0o006.37 HYMMpMCA02460r2025-07-21 00:00:00v150.00w2021-07-16yBK